[Event "34th Leon Blitz Open 2021"]
[Site "chess.com INT"]
[Date "2021.07.07"]
[Round "12"]
[White "Larino Nieto, David"]
[Black "Kadam, Om Manish"]
[Result "1-0"]
[WhiteTitle "GM"]
[BlackTitle "CM"]
[WhiteElo "2455"]
[BlackElo "2114"]
[WhiteFideId "2256444"]
[BlackFideId "45076294"]
[EventDate "2021.07.07"]

1. Nf3 Nf6 2. b3 g6 3. Bb2 Bg7 4. g3 O-O 5. Bg2 d5 6. c4 c5 7. cxd5 Qxd5 8. O-O
Qd8 9. Nc3 Nc6 10. Na4 Qd6 11. Rc1 b6 12. d4 Ba6 13. dxc5 Qxd1 14. Rfxd1 Bxe2
15. Rd2 Bb5 16. cxb6 axb6 17. Bxf6 Bxf6 18. Nxb6 Ra6 19. Nd7 Nb4 20. Nxf6+ Rxf6
21. a4 Bc6 22. Ne5 Bxg2 23. Kxg2 Rf5 24. Nc6 Nxc6 25. Rxc6 Rb8 26. Rb2 Ra5 27.
Rc4 f5 28. f4 Kf7 29. Kf3 Kf6 30. Rc6+ e6 31. Rc4 Rb6 32. Ke3 e5 33. fxe5+ Kxe5
34. Kd3 g5 35. Re2+ Kf6 36. Kc3 h5 37. h4 gxh4 38. gxh4 Re5 39. Rxe5 Kxe5 40. a5
Rb5 41. a6 Ra5 42. Ra4 Rc5+ 43. Kb4 Rc8 44. a7 Ra8 45. Kb5 f4 46. Kb6 f3 47. Ra1
Ke4 48. Kb7 Rf8 49. a8=Q Rxa8 50. Kxa8 f2 51. b4 Kf3 52. b5 Kg2 53. b6 f1=Q 54.
Rxf1 Kxf1 55. b7 Kg2 56. b8=Q Kh3 57. Qf4 1-0

[Event "34th Leon Blitz Open 2021"]
[Site "chess.com INT"]
[Date "2021.07.07"]
[Round "12"]
[White "Szente Varga, Fruzsina"]
[Black "Gabriel, Robert"]
[Result "1-0"]
[WhiteTitle "WFM"]
[BlackTitle "FM"]
[WhiteElo "2100"]
[BlackElo "2236"]
[WhiteFideId "712264"]
[BlackFideId "4606477"]
[EventDate "2021.07.07"]

1. e4 c5 2. Nf3 Nc6 3. Bb5 d6 4. d4 cxd4 5. Qxd4 Bd7 6. Qd3 Nf6 7. c4 g6 8. Nc3
Bg7 9. O-O O-O 10. h3 Rc8 11. Be3 a6 12. Bxc6 Bxc6 13. b4 e6 14. b5 axb5 15.
cxb5 Bd7 16. Rac1 Rxc3 17. Rxc3 Nxe4 18. Qxe4 Bxc3 19. Qxb7 Qc8 20. Qb6 Qb8 21.
Qxb8 Rxb8 22. b6 Bc6 23. Rc1 Bxf3 24. gxf3 Be5 25. a4 d5 26. Bc5 Ra8 27. f4 Bxf4
28. Ra1 Bd2 29. b7 Rb8 30. Rb1 Bf4 31. Ba7 Rd8 32. b8=Q Bxb8 33. Rxb8 Rxb8 34.
Bxb8 d4 35. a5 d3 36. Bf4 e5 37. Bd2 f5 38. a6 f4 39. a7 1-0

[Event "34th Leon Blitz Open 2021"]
[Site "chess.com INT"]
[Date "2021.07.07"]
[Round "12"]
[White "Tejedor Fuente, Enrique"]
[Black "Girya, Olga"]
[Result "1-0"]
[WhiteTitle "IM"]
[BlackTitle "WGM"]
[WhiteElo "2434"]
[BlackElo "2448"]
[WhiteFideId "2299100"]
[BlackFideId "4195752"]
[EventDate "2021.07.07"]

1. e4 c5 2. Nf3 Nc6 3. Bb5 Nf6 4. Nc3 Qc7 5. O-O e6 6. Bxc6 dxc6 7. e5 Nd5 8.
Ne4 c4 9. b3 cxb3 10. c4 Nf4 11. axb3 Nd3 12. Ba3 Bxa3 13. Rxa3 Nxe5 14. Re1
Nxf3+ 15. Qxf3 O-O 16. b4 f6 17. c5 e5 18. Nd6 Be6 19. Qg3 Bd5 20. Qg4 a5 21.
Rg3 axb4 22. Qxb4 Rad8 23. Nf5 Rd7 24. h4 Be6 25. Nd6 b6 26. d4 bxc5 27. dxc5
Rb8 28. Qc3 Bd5 29. h5 Rb3 30. Qxb3 Bxb3 31. Rxb3 Rxd6 32. cxd6 Qxd6 33. h6 gxh6
34. Rc3 h5 35. Rec1 h4 36. Rxc6 Qd2 37. Rc7 h3 38. Ra1 Qd5 39. gxh3 e4 40. Raa7
Qd1+ 41. Kh2 Qd6+ 42. Kg2 Qd8 43. Rg7+ Kf8 44. Raf7+ Ke8 45. Ra7 Qd5 46. Ra8+
Qxa8 47. Rg8+ 1-0

[Event "34th Leon Blitz Open 2021"]
[Site "chess.com INT"]
[Date "2021.07.07"]
[Round "12"]
[White "Sjugirov, Sanan"]
[Black "Guseinov, Gadir"]
[Result "0-1"]
[WhiteTitle "GM"]
[BlackTitle "GM"]
[WhiteElo "2661"]
[BlackElo "2665"]
[WhiteFideId "4189302"]
[BlackFideId "13401378"]
[EventDate "2021.07.07"]

1. d4 Nf6 2. Bf4 g6 3. Nc3 d5 4. e3 Bg7 5. h4 h5 6. Nf3 O-O 7. Be2 c5 8. Ne5 Nc6
9. Qd2 cxd4 10. exd4 Nd7 11. Nf3 Nf6 12. Ne5 Nd7 13. Nxc6 bxc6 14. Bh6 Bxh6 15.
Qxh6 e5 16. dxe5 Nxe5 17. Qg5 Bf5 18. Qxd8 Rfxd8 19. O-O-O Rab8 20. Na4 Re8 21.
b3 Kg7 22. Rde1 Nd7 23. Kd2 c5 24. Ba6 Be6 25. Be2 Red8 26. Rd1 Rbc8 27. Kc1 Nf6
28. f3 Rc7 29. Rhe1 d4 30. Nb2 Nd5 31. Bc4 Nc3 32. Bxe6 Nxd1 33. Kxd1 fxe6 34.
Rxe6 Rdd7 35. Nc4 Re7 36. Ra6 Rc8 37. Nd6 Rf8 38. Ne4 Rf4 39. Nxc5 Rxh4 40. Ne6+
Kh6 41. Nf8 Rg7 42. Re6 Rh2 43. Re2 h4 44. Ke1 h3 45. Kf1 Rxg2 46. Rxg2 hxg2+
47. Kxg2 Re7 0-1

[Event "34th Leon Blitz Open 2021"]
[Site "chess.com INT"]
[Date "2021.07.07"]
[Round "12"]
[White "Lopez Idarraga, Daniel Eduardo"]
[Black "Golubev, Mikhail"]
[Result "0-1"]
[WhiteTitle "FM"]
[BlackTitle "GM"]
[WhiteElo "2009"]
[BlackElo "2461"]
[WhiteFideId "4405501"]
[BlackFideId "14100983"]
[EventDate "2021.07.07"]

1. d4 g6 2. e4 Bg7 3. Nc3 d6 4. Bf4 Nc6 5. Bb5 a6 6. Bxc6+ bxc6 7. Qd2 Rb8 8.
Rb1 a5 9. Nf3 Ba6 10. Ng1 Nf6 11. Nge2 Bxe2 12. Qxe2 Nh5 13. Be3 c5 14. Qd2 cxd4
15. Bxd4 Bxd4 16. Qxd4 O-O 17. O-O c5 18. Qd2 Rb4 19. b3 Rd4 20. Qe3 f5 21. exf5
Rxf5 22. Rbd1 Re5 23. Qc1 Rf4 24. Rfe1 Ref5 25. Re2 Nf6 26. Rde1 e5 27. Qd2 Ng4
28. f3 Nf6 29. Nd5 Rd4 30. Nxf6+ Rxf6 31. Qe3 Qe7 32. Rd2 Rdf4 33. Red1 h5 34.
Qc3 g5 35. Qxa5 g4 36. fxg4 hxg4 37. Qa8+ Kh7 38. Qd5 Qf8 39. Qd3+ e4 40. Qe2
Qe7 41. Rd5 e3 42. Re1 Qe6 43. Qd3+ Kg7 44. c4 e2 45. g3 Rf1+ 46. Kg2 R6f2# 0-1

[Event "34th Leon Blitz Open 2021"]
[Site "chess.com INT"]
[Date "2021.07.07"]
[Round "12"]
[White "Estrada Nieto, Julian"]
[Black "Mikhnenko, Alexander"]
[Result "0-1"]
[WhiteTitle "IM"]
[BlackTitle "CM"]
[WhiteElo "2280"]
[BlackElo "2065"]
[WhiteFideId "5101018"]
[BlackFideId "34143014"]
[EventDate "2021.07.07"]

1. e4 c5 2. Nf3 e6 3. c3 d5 4. exd5 exd5 5. d4 Nf6 6. Bb5+ Nc6 7. O-O Be7 8.
dxc5 Bxc5 9. Re1+ Be6 10. Be3 Bxe3 11. Rxe3 O-O 12. Nbd2 d4 13. cxd4 Nxd4 14.
Rd3 Nxf3+ 15. Qxf3 Qb6 16. Bc4 Bxc4 17. Nxc4 Qb5 18. b3 Rad8 19. Rad1 Rxd3 20.
Qxd3 Re8 21. h3 h6 22. Qd4 Qa6 23. a3 b5 24. Nd6 Rd8 25. Qf4 Qxa3 26. b4 Qb3 27.
Rd4 Qe6 28. Nxb5 Re8 29. Nd6 Qe1+ 30. Kh2 Re2 31. Nf5 Qxf2 32. Qxf2 Rxf2 33. Nd6
Re2 34. b5 Rb2 35. Rc4 Nd5 36. Rc8+ Kh7 37. Rc5 Nf4 38. Kg3 Nxg2 39. Nxf7 Ne1
40. h4 Rg2+ 41. Kh3 Rf2 42. Rc7 Rf3+ 43. Kg4 Rb3 44. h5 Rb4+ 45. Kg3 Rxb5 46.
Rxa7 Rxh5 47. Kg4 Rb5 48. Nd6 Rd5 49. Ne8 Rg5+ 50. Kf4 Ng2+ 51. Kf3 Nh4+ 52. Kf4
Ng6+ 53. Ke3 Re5+ 0-1

[Event "34th Leon Blitz Open 2021"]
[Site "chess.com INT"]
[Date "2021.07.07"]
[Round "12"]
[White "Guevara Sanchez, Erick Marvin"]
[Black "Wiwatanadate, Poompong"]
[Result "0-1"]
[WhiteTitle "FM"]
[BlackTitle "FM"]
[WhiteElo "2173"]
[BlackElo "2043"]
[WhiteFideId "6700136"]
[BlackFideId "6201083"]
[EventDate "2021.07.07"]

1. e4 c5 2. d4 cxd4 3. c3 Nf6 4. e5 Nd5 5. Qxd4 e6 6. g3 Nc6 7. Qe4 Qc7 8. Nf3
d6 9. Bf4 Nxf4 10. gxf4 b6 11. Bb5 Bd7 12. Nbd2 a6 13. Ba4 b5 14. Bb3 Rc8 15.
O-O-O d5 16. Qe2 b4 17. c4 Na5 18. Kb1 dxc4 19. Bc2 c3 20. Ne4 cxb2 21. Bd3 Be7
22. Bxa6 Ra8 23. Rxd7 Qxd7 24. Bb5 Nc6 25. Nd4 O-O 26. Nxc6 Qc7 27. Nxe7+ Qxe7
28. Nd6 Qa7 29. Qxb2 Rfb8 30. Rc1 Qa5 31. Bc4 g6 32. Bb3 Qb6 33. Ne4 Rc8 34.
Nf6+ Kg7 35. Qd2 Rxc1+ 36. Kxc1 Rc8+ 37. Kb2 Qa5 38. f5 exf5 39. Qd4 Qa3+ 0-1

[Event "34th Leon Blitz Open 2021"]
[Site "chess.com INT"]
[Date "2021.07.07"]
[Round "12"]
[White "Lobanov, Sergei"]
[Black "Vovk, Orest"]
[Result "0-1"]
[WhiteTitle "IM"]
[BlackTitle "FM"]
[WhiteElo "2514"]
[BlackElo "2315"]
[WhiteFideId "24183750"]
[BlackFideId "14113490"]
[EventDate "2021.07.07"]

1. e4 g5 2. d4 g4 3. Nc3 Bg7 4. Bc4 c5 5. dxc5 Bxc3+ 6. bxc3 Qa5 7. Qd4 Nf6 8.
e5 Nc6 9. Qe3 Ne4 10. Ne2 Nxc5 11. Rb1 a6 12. Nd4 Nxe5 13. Be2 d6 14. O-O Qxa2
15. Rb2 Qd5 16. Re1 Qe4 17. Qd2 Qg6 18. c4 Rg8 19. Kh1 f6 20. Rb1 Kf7 21. Ba3
Ne6 22. c3 b5 23. cxb5 axb5 24. Nxb5 Ng5 25. Bb4 Ne4 26. Qe3 Bf5 27. Rbd1 Ra2
28. Nd4 Bd7 29. Kg1 f5 30. c4 Kg7 31. Nb3 Kh8 32. c5 Bc6 33. cxd6 Nf3+ 34. Bxf3
gxf3 35. g3 Rxf2 36. Qd4+ Rg7 37. Rxe4 Rg2+ 38. Kh1 Bxe4 39. d7 Rxh2+ 40. Kxh2
Qxg3+ 0-1

[Event "34th Leon Blitz Open 2021"]
[Site "chess.com INT"]
[Date "2021.07.07"]
[Round "12"]
[White "Matveev, Vladimir3"]
[Black "Pham, Le Thao Nguyen"]
[Result "1-0"]
[WhiteTitle "FM"]
[BlackTitle "IM"]
[WhiteElo "2344"]
[BlackElo "2369"]
[WhiteFideId "24130753"]
[BlackFideId "12401226"]
[EventDate "2021.07.07"]

1. d4 d5 2. c4 c6 3. Nf3 Nf6 4. Qb3 Qb6 5. Nc3 Qxb3 6. axb3 Na6 7. Bf4 Nb4 8.
Kd2 Bf5 9. e3 e6 10. Ra4 Be7 11. c5 a5 12. Be2 Bd8 13. Bd6 Ne4+ 14. Nxe4 dxe4
15. Ne5 Nd5 16. Rha1 b5 17. R4a3 Rc8 18. Nxc6 Rxc6 19. Bxb5 Kd7 20. Rxa5 Bxa5+
21. Rxa5 Rc8 22. Ra7+ Ke8 23. Ba4 e5 24. Bxe5 f6 25. Bd6 Bd7 26. Bxc6 Rxc6 27.
Rb7 Rc8 28. b4 Bc6 29. Rxg7 Nxb4 30. Rxh7 Ra8 31. Re7+ Kd8 32. Rf7 Ra2 33. Kc3
Nd5+ 34. Kb3 Ra1 35. h4 Rf1 36. Bg3 Rh1 37. Kc2 Ke8 38. Ra7 Rg1 39. h5 Rh1 40.
Rh7 Ba4+ 41. Kd2 1-0

[Event "34th Leon Blitz Open 2021"]
[Site "chess.com INT"]
[Date "2021.07.07"]
[Round "12"]
[White "Krishnakumar, Sriram"]
[Black "Rosenberg, Evan S"]
[Result "1-0"]
[WhiteTitle "CM"]
[WhiteElo "2035"]
[BlackElo "2125"]
[WhiteFideId "30915856"]
[BlackFideId "2019299"]
[EventDate "2021.07.07"]

1. e4 e5 2. Nf3 Nc6 3. d4 exd4 4. Nxd4 Nf6 5. Nxc6 bxc6 6. e5 Qe7 7. Qe2 Nd5 8.
h4 Qe6 9. g3 d6 10. c4 Nb6 11. exd6 cxd6 12. Be3 Be7 13. Nc3 O-O 14. O-O-O Ba6
15. Bxb6 axb6 16. Qxe6 fxe6 17. Bh3 Bxc4 18. b3 Bd5 19. Rhe1 Bf6 20. Nxd5 exd5
21. Kb1 Bc3 22. Re2 Ra7 23. Be6+ Kh8 24. Rd3 Bf6 25. Rc2 Re7 26. Bg4 Re1+ 27.
Rd1 Rxd1+ 28. Bxd1 c5 29. Bf3 d4 30. Be4 g6 31. Re2 Re8 32. Bd3 Rxe2 33. Bxe2
Kg7 34. Kc2 Kf7 35. Bc4+ Ke7 36. Kd3 Kd7 37. Ke4 Kc6 38. a4 Bg7 39. Bb5+ Kc7 40.
Kd5 Bh6 41. f3 Be3 42. g4 h5 43. gxh5 gxh5 44. Be2 Bf2 45. f4 Bxh4 46. Bxh5 d3
47. f5 d2 48. Ke6 b5 49. axb5 Kb6 50. Be2 Kc7 51. f6 Bxf6 52. Kxf6 d5 53. Ke5 c4
54. bxc4 dxc4 55. Kd4 d1=Q+ 56. Bxd1 c3 57. Kxc3 Kb6 58. Kb4 1-0

[Event "34th Leon Blitz Open 2021"]
[Site "chess.com INT"]
[Date "2021.07.07"]
[Round "12"]
[White "Senlle Caride, Miguel"]
[Black "Sarkar, Justin"]
[Result "1-0"]
[WhiteTitle "FM"]
[BlackTitle "IM"]
[WhiteElo "2354"]
[BlackElo "2338"]
[WhiteFideId "2282500"]
[BlackFideId "2010011"]
[EventDate "2021.07.07"]

1. e4 c5 2. Nc3 Nc6 3. Nge2 g6 4. d4 cxd4 5. Nxd4 Bg7 6. Nxc6 bxc6 7. Bc4 Qb6 8.
O-O Ba6 9. Na4 Qa5 10. Bxa6 Qxa6 11. Qxd7+ Kxd7 12. Nc5+ Kc7 13. Nxa6+ Kb6 14.
Nb4 a5 15. Be3+ Kb7 16. Nd3 Nf6 17. Nc5+ Kc8 18. f3 Nd7 19. c3 Nxc5 20. Bxc5 e6
21. Rfd1 Rd8 22. Bb6 Rxd1+ 23. Rxd1 Bf6 24. Rd2 a4 25. a3 Rb8 26. Be3 Rb7 27.
Kf2 Rd7 28. Rxd7 Kxd7 29. Ke2 Be7 30. Kd3 c5 31. Kc4 Kc6 32. f4 Bf8 33. g4 f5
34. gxf5 gxf5 35. e5 Be7 36. Bf2 h6 37. h3 h5 38. Be1 Bd8 39. Bf2 Be7 40. Bg1
Bf8 41. Be3 Be7 42. Bf2 Kb6 43. b4 axb3 44. Kxb3 Kb5 45. a4+ Kc6 46. Kc4 Kb6 47.
a5+ Kxa5 48. Bxc5 Bh4 49. Be3 Be1 50. Kc5 Bxc3 51. Kd6 Kb5 52. Kxe6 Kc4 53. Kxf5
Kd3 54. Bc5 1-0

[Event "34th Leon Blitz Open 2021"]
[Site "chess.com INT"]
[Date "2021.07.07"]
[Round "12"]
[White "Filip, Lucian-Ioan"]
[Black "Vitenberg, Noam Aviv"]
[Result "0-1"]
[WhiteTitle "IM"]
[BlackTitle "FM"]
[WhiteElo "2431"]
[BlackElo "2315"]
[WhiteFideId "1208900"]
[BlackFideId "1532138"]
[EventDate "2021.07.07"]

1. Nf3 b5 2. g3 Bb7 3. Bg2 Nf6 4. O-O g6 5. c3 Bg7 6. Qb3 a6 7. a4 Bd5 8. Qc2
O-O 9. d3 d6 10. e4 Bb7 11. Qb3 c6 12. Na3 Nbd7 13. Qc2 Qc7 14. Re1 Rfb8 15. d4
Bc8 16. Bd2 Nb6 17. axb5 axb5 18. h3 Bd7 19. e5 Nfd5 20. Qe4 Bf5 21. Qe2 Na4 22.
g4 Bd7 23. Bc1 b4 24. cxb4 Rxb4 25. Nc4 Rab8 26. Ra2 h6 27. Qc2 Nab6 28. b3 Nc8
29. Ra3 Be6 30. Bd2 R4b5 31. exd6 Nxd6 32. Rxe6 fxe6 33. Qxg6 Nf7 34. Qxe6 Rxb3
35. Rxb3 Rxb3 36. Nh4 Rb1+ 37. Bf1 Nf4 38. Bxf4 Qxf4 39. Ne3 Qf6 40. Qc8+ Kh7
41. Nhf5 Nd6 42. Qxc6 Nxf5 43. Qxf6 Bxf6 44. Nxf5 e6 45. Ng3 Bxd4 46. Kg2 Rb2
47. Ne4 Kg7 48. Bc4 Kf7 49. Kf3 Ke7 50. Bd3 Kd7 51. Bc4 Rc2 52. Bd3 Ra2 53. Bb5+
Kc7 54. Bc4 Ra3+ 55. Kg2 Kd7 56. Bb5+ Ke7 57. Bc4 Ra4 58. Bb5 Rb4 59. Bd3 Kd7
60. Bc2 Kc6 61. Bd3 Kd5 62. Nd2 Rb2 63. Ne4 Ke5 64. Kf3 Rb3 65. Ke2 Kf4 66. f3
Rb2+ 0-1

[Event "34th Leon Blitz Open 2021"]
[Site "chess.com INT"]
[Date "2021.07.07"]
[Round "12"]
[White "Martinez Alcantara, Jose Eduardo"]
[Black "Svane, Rasmus"]
[Result "1/2-1/2"]
[WhiteTitle "GM"]
[BlackTitle "GM"]
[WhiteElo "2620"]
[BlackElo "2615"]
[WhiteFideId "3805662"]
[BlackFideId "4657101"]
[EventDate "2021.07.07"]

1. e4 c6 2. Nf3 d5 3. d3 dxe4 4. dxe4 Qxd1+ 5. Kxd1 Nf6 6. Nbd2 g6 7. h3 Bg7 8.
Bd3 Nfd7 9. Nb3 b6 10. c3 c5 11. Bf4 Bb7 12. a4 Nc6 13. a5 O-O-O 14. Kc2 Nce5
15. Bxe5 Nxe5 16. Nxe5 Bxe5 17. Rhe1 Kc7 18. Nd2 Bf4 19. Nc4 b5 20. Na3 a6 21.
g3 c4 22. Bxc4 Rd2+ 23. Kb1 Be5 24. f4 Bxc3 25. bxc3 bxc4 26. Ra2 Rd3 27. Nxc4
Rxg3 28. Rd2 Rd8 29. Kc2 Rxd2+ 30. Kxd2 Rxh3 31. Ne5 f6 32. Nd3 h5 33. Nc5 Rg3
34. Rb1 Bc8 35. Rh1 Kc6 36. Nb3 e5 37. fxe5 fxe5 38. Nc1 Kd6 39. Nd3 Bb7 40. Rb1
Kc7 41. Rb6 h4 42. Nc5 Bc8 43. Nxa6+ Kd8 44. Nc5 h3 45. Rb1 h2 46. Rh1 Rg2+ 47.
Ke3 g5 48. Nd3 g4 49. Nxe5 g3 50. Nf3 Kc7 51. Kf4 Kb7 52. e5 Ka6 53. c4 Bb7 54.
e6 Bxf3 55. Kxf3 Rg1 56. e7 g2 57. Rxh2 Re1 58. Rxg2 Rxe7 59. Rg5 Rc7 60. Rg4
Kxa5 61. Ke3 Kb6 62. Kd4 Rd7+ 63. Ke5 Kc5 64. Ke6 Rd4 65. Rxd4 Kxd4 66. c5 Kxc5 1/2-1/2

[Event "34th Leon Blitz Open 2021"]
[Site "chess.com INT"]
[Date "2021.07.07"]
[Round "12"]
[White "Harshavardhan, G B"]
[Black "Dobre, Claudiu-Cristian"]
[Result "0-1"]
[WhiteTitle "IM"]
[BlackTitle "IM"]
[WhiteElo "2397"]
[BlackElo "2314"]
[WhiteFideId "25059009"]
[BlackFideId "1211854"]
[EventDate "2021.07.07"]

1. e4 Nc6 2. d4 d5 3. e5 Bf5 4. Nf3 e6 5. Bb5 Ne7 6. Nc3 h6 7. Ne2 Qd7 8. Ng3
Bg4 9. Be3 Nf5 10. Nxf5 Bxf5 11. Qd2 a6 12. Be2 Nb4 13. Bd1 Qc6 14. c3 Nd3+ 15.
Kf1 Qb5 16. a4 Qxb2 17. Ra2 Qb1 18. h3 c5 19. Kg1 c4 20. Kh2 Qb6 21. Nh4 Bh7 22.
Bc2 Qc7 23. Rb1 Be7 24. Nf3 O-O 25. Kg1 f6 26. exf6 Bxf6 27. a5 Rae8 28. Rb6 Qc8
29. Ra1 Bd8 30. Rbb1 Bc7 31. Ne1 Nxe1 32. Bxh7+ Kxh7 33. Qxe1 Rf7 34. Ra2 Ref8
35. Qd2 Qd8 36. Rab2 Bxa5 37. Rxb7 Qc8 38. Qc2+ Kg8 39. Rxf7 Rxf7 40. Ra1 Qd8
41. Ra3 Rb7 42. g3 Rb5 43. Ra1 Qf6 44. Bf4 Qf5 45. Qe2 Qe4 46. Qh5 Kh7 47. Kh2
Qg6 48. Qd1 Qf5 49. Ra3 g5 50. Be3 Qd3 51. Qh5 Qg6 52. Qd1 Qd3 53. Qf3 Qf5 54.
Kg2 Qxf3+ 55. Kxf3 Kg6 56. h4 gxh4 57. gxh4 h5 58. Kg2 Kf5 59. Kf3 Bd8 60. Rxa6
Bxh4 61. Ra8 Rb3 62. Rh8 Kg6 63. Bd2 Bf6 64. Rg8+ Kf7 65. Rc8 Rb2 66. Ke2 Bg5
67. Rc7+ Kf6 68. Kf3 Rxd2 69. Rc8 Rc2 70. Kg2 Rxc3 71. f4 Bxf4 72. Rf8+ Kg5 73.
Rg8+ Kf5 74. Rf8+ Ke4 75. Rg8 Kxd4 76. Rf8 e5 77. Rg8 Rg3+ 78. Kh1 Rh3+ 79. Kg2
Rh2+ 80. Kg1 c3 81. Rc8 c2 82. Kf1 Rh1+ 83. Kg2 c1=Q 84. Rxc1 Rxc1 85. Kh3 Rc2
86. Kh4 Rh2# 0-1

[Event "34th Leon Blitz Open 2021"]
[Site "chess.com INT"]
[Date "2021.07.07"]
[Round "12"]
[White "Kamsky, Gata"]
[Black "Dhulipalla, Bala Chandra Prasad"]
[Result "0-1"]
[WhiteTitle "GM"]
[BlackTitle "IM"]
[WhiteElo "2658"]
[BlackElo "2425"]
[WhiteFideId "2000024"]
[BlackFideId "25005812"]
[EventDate "2021.07.07"]

1. e4 Nc6 2. Nf3 d6 3. d4 Nf6 4. d5 Nb8 5. Bd3 Bg4 6. Nbd2 c6 7. c4 g6 8. h3
Bxf3 9. Nxf3 Bg7 10. O-O O-O 11. Rb1 a5 12. b3 Na6 13. a3 Nc5 14. Re1 Nxd3 15.
Qxd3 Re8 16. Bg5 Nd7 17. dxc6 bxc6 18. b4 axb4 19. axb4 Qc7 20. Red1 Nf8 21. b5
Ne6 22. Be3 Reb8 23. Rb4 Rb7 24. Rdb1 Rab8 25. g3 Qc8 26. Kg2 h5 27. Ng5 Nxg5
28. Bxg5 Bd4 29. R4b3 Bg7 30. Be3 Qe6 31. b6 c5 32. Rb5 Qd7 33. f3 Qd8 34. Qb3
Qc8 35. g4 hxg4 36. hxg4 f5 37. exf5 gxf5 38. g5 f4 39. Bxf4 Qf5 40. Bd2 Rf8 41.
Qe3 Be5 42. Qe4 Qxe4 43. fxe4 Bf4 44. Bc3 Bxg5 45. Rf1 Rfb8 46. Kf3 Kf7 47. Kg4+
Bf6 48. Bxf6 exf6 49. Rfb1 Ke6 50. Kf4 Ra8 51. R5b2 Ra4 52. Ke3 Rxc4 53. Rf1 Rb4
54. Rbf2 Rf7 55. Rf5 Rb3+ 56. Kd2 Rxb6 57. Kc3 Rb4 58. R5f4 Ra4 59. Kb3 Ra8 60.
Kc3 Rg8 61. Kc4 Rg5 62. Kc3 Ke5 63. Kc4 f5 64. exf5 Rgxf5 65. Rxf5+ Rxf5 66.
Re1+ Kf6 67. Kb5 Re5 68. Rh1 Rd5 69. Re1 Kf5 70. Rf1+ Ke4 71. Re1+ Kf3 72. Re8
Rd4 73. Re6 c4 74. Kb4 d5 75. Kc3 Rd3+ 76. Kc2 Kf4 77. Re8 Re3 78. Rh8 Ke5 79.
Rh4 Kd6 0-1

[Event "34th Leon Blitz Open 2021"]
[Site "chess.com INT"]
[Date "2021.07.07"]
[Round "13"]
[White "Valle Maytin, Luis Enrique"]
[Black "Harshavardhan, G B"]
[Result "0-1"]
[WhiteTitle "FM"]
[BlackTitle "IM"]
[WhiteElo "2284"]
[BlackElo "2397"]
[WhiteFideId "3503666"]
[BlackFideId "25059009"]
[EventDate "2021.07.07"]

1. e4 e5 2. Nf3 Nc6 3. Bb5 a6 4. Ba4 d6 5. c3 g6 6. O-O Bg7 7. Bc2 Nge7 8. d4
O-O 9. d5 Nb8 10. Bg5 h6 11. Be3 f5 12. exf5 gxf5 13. Bd2 Ng6 14. Re1 Nd7 15. c4
Nf6 16. Nc3 Bd7 17. Rc1 e4 18. Nd4 Ng4 19. Nde2 Qh4 20. h3 Nxf2 21. g3 Nxh3+ 0-1

[Event "34th Leon Blitz Open 2021"]
[Site "chess.com INT"]
[Date "2021.07.07"]
[Round "13"]
[White "Wiwatanadate, Poompong"]
[Black "Krishnakumar, Sriram"]
[Result "1-0"]
[WhiteTitle "FM"]
[BlackTitle "CM"]
[WhiteElo "2043"]
[BlackElo "2035"]
[WhiteFideId "6201083"]
[BlackFideId "30915856"]
[EventDate "2021.07.07"]

1. d4 d5 2. c4 c6 3. Nc3 Nf6 4. cxd5 cxd5 5. f3 Nc6 6. e4 dxe4 7. d5 Ne5 8. fxe4
e6 9. Nf3 Nxf3+ 10. Qxf3 exd5 11. e5 Ne4 12. Bb5+ Bd7 13. Rf1 f5 14. exf6 Nxf6
15. Qe2+ Be7 16. Rxf6 gxf6 17. Qh5+ Kf8 18. Bh6+ Kg8 19. Qxd5+ Be6 20. Qxe6# 1-0

[Event "34th Leon Blitz Open 2021"]
[Site "chess.com INT"]
[Date "2021.07.07"]
[Round "13"]
[White "Baskin, Robert"]
[Black "Senlle Caride, Miguel"]
[Result "0-1"]
[WhiteTitle "IM"]
[BlackTitle "FM"]
[WhiteElo "2390"]
[BlackElo "2354"]
[WhiteFideId "24662402"]
[BlackFideId "2282500"]
[EventDate "2021.07.07"]

1. d4 Nf6 2. c4 e6 3. g3 d5 4. Nf3 Be7 5. Bg2 O-O 6. O-O dxc4 7. Ne5 c5 8. dxc5
Qc7 9. Nxc4 Qxc5 10. b3 Rd8 11. Qc2 Nc6 12. Nc3 e5 13. e3 Nb4 14. Qe2 Bg4 15.
Bf3 Bxf3 16. Qxf3 b5 17. a3 Nd3 0-1

[Event "34th Leon Blitz Open 2021"]
[Site "chess.com INT"]
[Date "2021.07.07"]
[Round "13"]
[White "Kamsky, Gata"]
[Black "Larino Nieto, David"]
[Result "1-0"]
[WhiteTitle "GM"]
[BlackTitle "GM"]
[WhiteElo "2658"]
[BlackElo "2455"]
[WhiteFideId "2000024"]
[BlackFideId "2256444"]
[EventDate "2021.07.07"]

1. e4 c6 2. Nf3 g6 3. d4 d5 4. Nbd2 Bg7 5. c3 dxe4 6. Nxe4 Nf6 7. Bd3 O-O 8.
Nxf6+ exf6 9. O-O a5 10. h3 Na6 11. Bf4 Nc7 12. Re1 Nd5 13. Bg3 Be6 14. c4 Nb4
15. Bf1 Re8 16. a3 Na6 17. Qc2 Nc7 18. b3 Qd7 19. Rad1 Bf8 20. Qc1 Bf5 21. Nh4
Rxe1 22. Rxe1 Be6 23. Nf3 Rd8 24. Bf4 h5 25. Bd2 b6 26. Bc3 Qd6 27. d5 cxd5 28.
Bxf6 Rc8 29. Bb2 Bg7 30. Bxg7 Kxg7 31. Rd1 Qe7 32. Qe3 dxc4 33. Bxc4 b5 34. Bxe6
Nxe6 35. Nd4 Re8 36. Nxb5 Kh7 37. Qe5 Qb7 38. a4 Re7 39. Qf6 Nc5 40. Rd8 1-0

[Event "34th Leon Blitz Open 2021"]
[Site "chess.com INT"]
[Date "2021.07.07"]
[Round "13"]
[White "Musovic, Armin"]
[Black "Maltsevskaya, Aleksandra"]
[Result "0-1"]
[WhiteTitle "FM"]
[BlackTitle "WGM"]
[WhiteElo "2282"]
[BlackElo "2382"]
[WhiteFideId "939935"]
[BlackFideId "24174041"]
[EventDate "2021.07.07"]

1. a3 e5 2. Nc3 Nc6 3. e4 Nf6 4. Nf3 Bc5 5. Nxe5 O-O 6. Nd3 Bb6 7. Be2 Re8 8.
O-O Nxe4 9. Nxe4 Rxe4 10. Bf3 Re8 11. c3 d5 12. Re1 Rxe1+ 13. Nxe1 d4 14. Bxc6
bxc6 15. Nf3 c5 16. h3 Bf5 17. cxd4 cxd4 18. d3 Qd5 19. Bf4 Qb5 20. Rc1 c5 21.
Ne5 Qxb2 22. Qf3 Rf8 23. g4 Be6 24. h4 Bc7 25. Rxc5 Bd6 26. Rc6 Bxe5 27. Bxe5
Qb1+ 28. Kh2 Qb5 29. Bxd4 Bd5 30. Rc5 Qb8+ 31. Qg3 Qd8 32. Bc3 Ba8 33. Rg5 f6
34. Ra5 Qb6 35. Qe3 Qc7+ 36. f4 Qxc3 37. Rc5 Qb2+ 38. Kg3 Qg2# 0-1

[Event "34th Leon Blitz Open 2021"]
[Site "chess.com INT"]
[Date "2021.07.07"]
[Round "13"]
[White "Holt, Conrad"]
[Black "Gabrielian, Artur"]
[Result "1-0"]
[WhiteTitle "GM"]
[BlackTitle "GM"]
[WhiteElo "2549"]
[BlackElo "2460"]
[WhiteFideId "2034387"]
[BlackFideId "4131002"]
[EventDate "2021.07.07"]

1. d4 Nf6 2. c4 c5 3. d5 e6 4. Nc3 exd5 5. cxd5 d6 6. e4 g6 7. h3 Bg7 8. Nf3 O-O
9. Bd3 Re8 10. O-O Nbd7 11. Re1 Ne5 12. Nxe5 Rxe5 13. Bf4 Nh5 14. Bxe5 Bxe5 15.
Be2 Nf4 16. Bg4 Qg5 17. Ne2 h5 18. Nxf4 hxg4 19. g3 Bxf4 20. gxf4 Qxf4 21. Qc1
Qe5 22. Qc3 Qh5 23. e5 gxh3 24. Kh2 Bd7 25. e6 Qxd5 26. Qg3 Bxe6 27. Rad1 Qxa2
28. Rxd6 Re8 29. Rexe6 Rxe6 30. Rd8+ Kg7 31. Qh4 g5 32. Qxg5+ Rg6 33. Qe5+ f6
34. Rd7+ Kh6 35. Qf4+ Rg5 36. Qxf6+ Kh5 37. Rh7+ Kg4 38. f3# 1-0